000 00389nam a2200133Ia 4500
005 20260326100047.0
008 260326s9999||||xx |||||||||||||| ||und||
100 _aOranización de las Naciones Unidas
245 0 _aLa sede permanente de Las Naciones Unidas /
_cOranización de las Naciones Unidas
260 _bLake Success
300 _a96 p.
650 _aARQUITECTURA CIVIL
942 _cBK
999 _c7226
_d7226